Online
Catalog

El marxismo como moral / (Record no. 34861)

MARC details
000 -CABECERA
campo de control de longitud fija 00855nam a2200229 a 4500
001 - NÚMERO DE CONTROL
campo de control 000035370
005 - FECHA Y HORA DE LA ÚLTIMA TRANSACCIÓN
campo de control 20250714091949.0
008 - DATOS DE LONGITUD FIJA--INFORMACIÓN GENERAL
campo de control de longitud fija 111028s1970 sp 000 0 spa d
040 ## - FUENTE DE LA CATALOGACIÓN
Centro catalogador/agencia de origen DO-SdBNP
Lengua de catalogación spa
Centro/agencia transcriptor BNPHU
082 ## - NÚMERO DE LA CLASIFICACIÓN DECIMAL DEWEY
Número de clasificación 335.411
Número de documento/Ítem A662m, 1970
100 1# - ENTRADA PRINCIPAL--NOMBRE DE PERSONA
Nombre de persona Aranguren, José Luis L.,
Fechas asociadas al nombre 1909-1996
9 (RLIN) 49974
245 13 - MENCIÓN DE TÍTULO
Título El marxismo como moral /
Mención de responsabilidad, etc. José Luis L. Aranguren.
250 ## - MENCIÓN DE EDICIÓN
Mención de edición 3a. ed.
260 ## - PUBLICACIÓN, DISTRIBUCIÓN, ETC.
Lugar de publicación, distribución, etc. Madrid :
Nombre del editor, distribuidor, etc. Alianza Editorial,
Fecha de publicación, distribución, etc. 1970.
490 0# - MENCIÓN DE SERIE
Mención de serie El libro de bolsillo. Sección humanidades ;
Designación de volumen o secuencia 101
504 ## - NOTA DE BIBLIOGRAFÍA, ETC.
Nota de bibliografía, etc. Incluye referencias bibliográficas y notas p. (181-188)
590 ## - NOTA LOCAL (RLIN)
Nota local Perteneció a la biblioteca personal de Juan Isidro Jimenes Grullón.
650 #4 - PUNTO DE ACCESO ADICIONAL DE MATERIA--TÉRMINO DE MATERIA
Término de materia o nombre geográfico como elemento de entrada Ética comunista
9 (RLIN) 5959
650 #0 - PUNTO DE ACCESO ADICIONAL DE MATERIA--TÉRMINO DE MATERIA
Término de materia o nombre geográfico como elemento de entrada Socialismo
9 (RLIN) 287
830 #3 - PUNTO DE ACCESO ADICIONAL DE SERIE-TÍTULO UNIFORME
Título uniforme El libro de bolsillo.
Nombre de parte o sección de la obra Sección humanidades ;
Número de parte o sección de la obra 101
9 (RLIN) 61177
910 ## - DATOS DE OPCIÓN DEL USUARIO (OCLC)
Datos de opción del usuario Validado. Control de calidad MFF
Holdings
Estado de retiro Estado de pérdida Restricciones de uso No para préstamo Código de colección Localización permanente Ubicación/localización actual Ubicación en estantería Fecha de adquisición Número de inventario Total de préstamos Signatura topográfica completa Código de barras Fecha visto por última vez Precio válido a partir de Tipo de ítem Koha Nota pública
      Excluido de préstamo Monografías: Libros y Folletos General General Depósito 28.10.2011 LF1   335.411 A662m, 1970 35370-10 25.06.2020 25.06.2020 No se presta Biblioteca Juan Isidro Jiménes Grullón

Powered by Koha